| 000 -ლიდერი |
| ფიქსირებული სიგრძის საკონტროლო ველი |
01110nam a2200253Ia 4500 |
| 001 - საკონტროლო ნომერი |
| საკონტროლო ველი |
23106 |
| 003 - საკონტროლო ნომრის იდენტიფიკატორი |
| საკონტროლო ველი |
GE_BSU |
| 005 - ბოლო ოპერაციის თარიღი და დრო |
| საკონტროლო ველი |
20230712122950.0 |
| 008 - ფიქსირებული სიგრძის მონაცემთა ელემენტები - ზოგადი ინფორმაცია |
| ფიქსირებული სიგრძის საკონტროლო ველი |
181216s1953||||ge |||||||||||||| ||geo|| |
| 040 ## - კატალოგიზაციის წყარო |
| Transcribing agency |
GE_BSU |
| 041 ## - ენის კოდი |
| Language code of text/sound track or separate title |
geo |
| 080 ## - უნივერსალური ათობითი კლასიფიკაციის ინდექსი |
| Universal Decimal Classification number |
821.111-21 შ-56 |
| 100 ## - მთავარი ჩანაწერი - პიროვნების სახელი |
| Personal name |
შექსპირი, უილიამ |
| 9 (RLIN) |
19267 |
| 245 ## - ცნობა სათაურის შესახებ |
| Title |
ტრაგედიები. წ. 1 / |
| Statement of responsibility, etc |
ინგლ. თარგმნა ი. მაჩაბელმა ; რედ. და წინასიტყვ. გ. გაჩეჩილაძე. |
| 264 ## - წარმოების, გამოცემის, დისტრიბუციის და სხვა ცნობები |
| გამოცემის, წარმოების, დისტრიბუციის... ადგილი |
თბილისი : |
| გამოცემის, წარმოების, დისტრიბუციის... სახელწოდება |
საბჭ. მწერალი, |
| გამოცემის, წარმოების, დისტრიბუციის... თარიღი |
1953. |
| 300 ## - ფიზიკური აღწერა |
| Extent |
442 გვ. : |
| Other physical details |
1ფ.სურ. ; |
| Dimensions |
18სმ. |
| 500 ## - ზოგადი შენიშვნა |
| General note |
გაშლილი ყდა ინგლისურ ენაზე |
| 520 ## - SUMMARY, ETC. |
| Summary, etc |
გაშლ. ყდა ინგლ. ენ. |
| 653 ## - INDEX TERM--UNCONTROLLED |
| Uncontrolled term |
ტრაგედიები წ. 1 |
| 700 ## - ADDED ENTRY--PERSONAL NAME |
| Personal name |
მაჩაბელი, ი. |
| Relator term |
მთარგმნელი |
| 9 (RLIN) |
19268 |
| 700 ## - ADDED ENTRY--PERSONAL NAME |
| Personal name |
გაჩეჩილაძე, გ. |
| Relator term |
რედაქტორი |
| 9 (RLIN) |
397 |
| 942 ## - ADDED ENTRY ELEMENTS (KOHA) |
| Koha item type |
წიგნი |
| Source of classification or shelving scheme |
|